| 000 | 00983nam a2200217Ia 4500 | ||
|---|---|---|---|
| 999 |
_c40046 _d40046 |
||
| 001 | 6652 | ||
| 003 | GE_BSU | ||
| 005 | 20191226154713.0 | ||
| 008 | 181216s1968||||ge |||||||||||||| ||geo|| | ||
| 040 | _cGE_BSU | ||
| 041 | _ageo | ||
| 080 | _a821.353.1-11 წ-71 | ||
| 100 |
_aბარათაშვილი, ნიკოლოზ _94936 |
||
| 245 |
_aლექსები, ბედი ქართლისა, ავტოგრაფები = 150 / _cნიკოლოზ ბარათაშვილი ; სარედ. კოლეგია გრიგოლ აბაშიძე, პავლე ინგოროყვა, დევი სტურუა. |
||
| 264 |
_aთბილისი : _bსაბჭოთა საქართველო ; _c1968. |
||
| 300 |
_a146 გვ. ; _c26 სმ. |
||
| 653 | _aბედი ქართლისა | ||
| 653 | _aლექსები | ||
| 653 | _aავტოგრაფები | ||
| 942 |
_cBK _2udc |
||